000 01423nam a2200277Ia 4500
005 20140410171933.0
008 130821s1996 xx a gs mul
040 _aCo-BoUCM
_bspa
041 0 0 _aspa
_aeng
_apor
_afre
092 _aDV 0170
245 1 0 _aAmor inconcluso
_c[DVD]
_c[dirigida por] Robert Greenwald
260 _a[Lugar desconocido]
_bRegency Enterprises
_c1996
300 _a1 DVD
_bson., color
500 _aSINOPSIS : Steve es un fotógrafo de Nueva York que mantiene una relación, que dura ya dos años, con Mónica, una profesora. Y, aunque ese período se sentían muy satisfechos, se dan cuenta de que ha llegado el momento de plantearse seriamente su futuro.
508 _aCREDITOS : Director, Robert Greenwald; Música, Mark Motherbaugh; Edición, Suzanne Hines; Fotografía, Mauro Fiore; Productor, George Moffly.
511 _aAbraham Alvarez , Russell Crowe, Salma Hayek .
546 _aAudio en Inglés, Portugués y Español. Subtítulos en Español, Inglés, Portugués, Mandarín, Tailandés e Indonés.
650 0 4 _aAmor en el cine
_vDVD
_98920
650 0 4 _aPelículas cinematográficas
_zEstados Unidos
_vDVD
_97903
650 0 4 _aSociología
_9386
700 1 _aGreenwald, Robert
_edir.
710 2 _aRegency Enterprises
765 _tBreaking up.
856 0 4 _uhttps://www.youtube.com/watch?v=t1xZGNh5BP8
_zSiga este vínculo para ver el trailer.
942 _cMULTIMEDIA
_2LOCAL
_a5
_e1
999 _c51295
_d51295